| 000 | 00721 a2200205 4500 | ||
|---|---|---|---|
| 010 | _aENG-88539 | ||
| 020 |
_a8182201780 _c450.00 |
||
| 035 | _aEN-72072 | ||
| 037 | _bDBAD / PUB | ||
| 082 | 1 | 4 | _a658.3 |
| 090 |
_c8824 _d8824 |
||
| 100 | 1 | _aKavitha Krishnamurthi | |
| 245 | 1 |
_aHuman resource management: _cby Kavita Krishnamurthi _bconcept and planning/ |
|
| 260 |
_aNew Delhi _bGlobal Vision Publishing House _c2006 |
||
| 270 |
_a20, Ansari Road, Daryaganj _bNew Delhi _e110 002 |
||
| 300 |
_aviii, 160p. _c22cm (Hb.) |
||
| 500 | _aIncludes bibliographical references and index | ||
| 942 |
_adpl _cEN _k658.3 / KAV |
||
| 999 |
_c8664 _d8664 |
||